Formacion ética y ciudadana 7 /
Guardado en:
| Autor Principal: | |
|---|---|
| Otros Autores: | , |
| Formato: | Libro |
| Publicado: |
Buenos Aires :
Santillana,
2001
|
| Series: | Claves
|
| Materias: | |
| Etiquetas: |
Agregar Etiqueta
Sin Etiquetas, Sea el primero en etiquetar este registro!
|
| LEADER | 01134nam a22003135a 4500 | ||
|---|---|---|---|
| 001 | CEM.cems010934 | ||
| 005 | 20080228102241.0 | ||
| 008 | 130507s2001##################000#0#####d | ||
| 003 | CEMS | ||
| 020 | |a 9504610463 | ||
| 082 | 0 | 4 | |a Z320 |
| 100 | 1 | |a Celotto, Ileana | |
| 245 | 1 | 0 | |a Formacion ética y ciudadana 7 / |c Ileana Celotto , Pablo G. Hirschmann y Mónica L. Ippolito |
| 260 | |a Buenos Aires : |b Santillana, |c 2001 | ||
| 300 | |a 128 p. | ||
| 490 | 0 | |a Claves | |
| 500 | |a Para 7°año Egb | ||
| 505 | 0 | |a Persona, familia y sociedad -- La organización social y sus normas -- Los derechos de los chicos -- Actividades | |
| 653 | |a Formación ética y ciudadana | ||
| 653 | |a Formación ética y ciudadana-7°egb | ||
| 653 | |a Persona | ||
| 653 | |a Familia | ||
| 653 | |a Sopciedad | ||
| 653 | |a Derechos de los chicos | ||
| 700 | 1 | |a Hirschmann, Pablo G. | |
| 700 | 1 | |a Ippolito, Mónica L. | |
| 859 | |a CEMS |b BIB. CEMS - 11 de abril |h Z320 |i C33 |p 21730.02 |t Ej.1 |v 7º |3 7º | ||
| 859 | |a CEMS |b BIB. CEMS - 11 de abril |h Z320 |i C33 |p 21731.02 |t Ej.2 |v 7º |3 7º | ||
| 859 | |a CEMS |b BIB. CEMS - 11 de abril |h Z320 |i C33 |p 21732.02 |t Ej.3 |v 7º |3 7º | ||
